Mathematics (Record no. 22287)

000 -LEADER
fixed length control field 00558cai a2200193Ia 4500
020 ## - INTERNATIONAL STANDARD BOOK NUMBER
ISBN 9780078247880
040 ## - CATALOGING SOURCE
Transcribing agency GPO
082 ## - DEWEY DECIMAL CLASSIFICATION NUMBER
Classification number 512 WIL 2004 C260 Or.
245 10 - TITLE STATEMENT
Title Mathematics
246 1# - VARYING FORM OF TITLE
Title proper/short title Subject bibliography, mathematics
300 ## - PHYSICAL DESCRIPTION
Number of Pages 1 online resource.
490 1# - SERIES STATEMENT
Series statement Subject bibliography ;
500 ## - GENERAL NOTE
General note Title from home page last updated Mar. 19, 2003 (viewed Mar. 9, 2004).
650 #0 - SUBJECT ADDED ENTRY--TOPICAL TERM
Topical Term Mathematics
650 #0 - SUBJECT ADDED ENTRY--TOPICAL TERM
Topical Term Government publications
710 1# - ADDED ENTRY--CORPORATE NAME
Corporate name or jurisdiction name as entry element United States.
856 40 - ELECTRONIC LOCATION AND ACCESS
Uniform Resource Identifier http://purl.access.gpo.gov/GPO/LPS3867
942 ## - ADDED ENTRY ELEMENTS (KOHA)
Koha item type ADB
952 ## - LOCATION AND ITEM INFORMATION (KOHA)
Withdrawn status [LOCAL, KOHA] 0
Holdings
Permanent Location Date acquired Koha item type Lost status Shelving location Barcode Current Location Full call number
Library Block C2023-12-01ADB C260a19237Library Block C512 WIL 2004 C260 Or.
មជ្ឈមណ្ឌលឯការនៃសាកលវិទ្យាល័យភូមិន្ទកសិកម្មចំការដូង

Powered by Koha